| 000 | 00691cam a2200229 a 4500 | ||
|---|---|---|---|
| 999 |
_c9219 _d9219 |
||
| 001 | 9219 | ||
| 003 | UkOxU | ||
| 005 | 20180311110036.0 | ||
| 008 | 960805s1963 njua b 001 0 eng d | ||
| 035 | _a(BD-JhCC) 9219 | ||
| 040 |
_aDLC _cWSU _dSER _dUKM _dEQO |
||
| 041 | _aeng | ||
| 082 |
_a954.9104 _bCAM 1963 |
||
| 100 | 1 | _aCampbell, Robert Dale. | |
| 245 | 1 | 0 |
_aPakistan : _bemerging democracy / _cby Robert D. Campbell. |
| 260 |
_aPrinceton, N.J ; _aLondon : _bVan Nostrand, _c[1963] |
||
| 300 |
_a144 p. : _bmaps, tables ; _c21 cm. |
||
| 651 | 0 |
_aPakistan _xHistory. _zPakistan |
|
| 651 | 0 |
_aPakistan _xEconomic conditions. |
|
| 830 | 0 |
_aVan Nostrand searchlight book ; _v#14 |
|